Statistiken für Kader Roter Stern Belgrad 1991

Klicken Sie hier um das Quiz zu spielen!

Allgemein

  • Dieses Quiz wurde 4 mal gespielt
  • Das Durchschnittsergebnis liegt bei 6 aus 29

Antwortstatistiken

PositionNationalitätAntwort% Korrekt
MFSerbienDusko Savic
100%
MFMontenegroDejan Savicevic
75%
STSerbienDragisa Binic
50%
DFRumänienMiodrag Belodedici
50%
MFKroatienRobert Prosinecki
50%
DFSerbienSinisa Mihajlovic
50%
MFSerbienVladimir Jugovic
50%
STMazedonienDarko Pancev
25%
DFMazedonienIlija Najdoski
25%
DFBosnienRefil Sabanadzovic
25%
MFMontenegroSlobodan Marovic
25%
TWSerbienStevan Stojanovic
25%
MFSerbienVlada Stosic
25%
MFSerbienAleksandar Jankovic
0%
MFMazedonienBlagoja Milevski
0%
MFSerbienDejan Joksimovic
0%
MFSerbienDjordje Acimovic
0%
DFSerbienDusko Radinovic
0%
DFKroatienGoran Juric
0%
DFSerbienGoran Vasilijevic
0%
MFSerbienIvan Adzic
0%
MFSerbienIvica Momcilovic
0%
STSerbienLjubisa Milojevic
0%
TWSerbienMilic Jovanovic
0%
DFBosnienRade Tosic
0%
STSerbienVladan Lukic
0%
CoachSerbienVladimir Popovic
0%
TWSerbienZeljko Kaludjerovic
0%
TWSerbienZvonko Milojevic
0%

Verteilung der Resultate

Perzentil nach korrekt beantworteten Fragen

Anzahl Personen mit jedem Resultat

Ihre Resultats-Entwicklung

Sie haben dieses Quiz noch nicht gespielt